| 000 | 00638nam a2200253 i 4500 | ||
|---|---|---|---|
| 001 | C2-0168375 | ||
| 003 | PPAK | ||
| 005 | 20180728090823.0 | ||
| 008 | 980716s1985 xx |||| ||||| | may d | ||
| 040 |
_aPPAK _beng _cPPAK _erda |
||
| 082 | 0 | 4 |
_a899.231 _2 23 |
| 090 | 0 | 0 |
_a899.231 _bKEL _dKK |
| 090 | 0 | 0 |
_a899.231 _bKEL _dKSS |
| 245 | 0 | 0 | _aKelopak Berkembang |
| 264 | 1 | _c1985 | |
| 300 |
_a30 pages ; _c20 cm |
||
| 336 |
_2rdacontent _atext |
||
| 337 |
_2rdamedia _aunmediated |
||
| 338 |
_2rdacarrier _avolume |
||
| 500 | _aSempena Hari Sastera '85 | ||
| 650 | 1 | 0 | _aMalay poetry |
| 700 | 0 |
_aSaidin Ali, _ecompile |
|
| 942 |
_ddc _cB |
||
| 999 |
_c152530 _d152530 |
||